000 00889nam0a22002651 4500
001 rc\664187
005 20250621203101.0
035 _a(NLR Aleph) 005903200
090 _a6298676
_c6298676
100 _a20031121d1986 |||y0rusy50 ca
101 0 _arus
102 _aRU
105 _aa |||||||||
200 1 _aГрафический дисплейный драйвер черно-белого телемонитора модуль ТД-31
210 _aМ.
_cЦНИИатоминформ
_d1986
215 _a[1], 21 с.
_cсхем.
_d21
225 1 _aПрепринт
_fИн-т атом. энергии им. И.В. Курчатова
_vИАЭ-4367/16
320 _aБиблиогр.: с. 20
700 1 _aКаракозов
_bГ.М.
701 1 _aЧивкин
_bС.В.
801 0 _aRU
_bNLR
_gpsbo
801 1 _aRU
_bELAR
_2rusmarc
852 _aNLR
_j87-6/5326
942 _cBOOK
980 _aNB